| 000 | 00591nam a22001937i 4500 | ||
|---|---|---|---|
| 999 |
_c22782 _d22782 |
||
| 003 | AR-CdUCM | ||
| 008 | 240306b20222022pe ||||| |||| 00| 0 spa d | ||
| 020 | _a978-612-00-7514-2 | ||
| 040 |
_aMUNICIPALIDAD PROVINCIAL DEL CUSCO _cBIBLIOTECA MUNICIPAL DEL CUSCO |
||
| 041 | _hspa | ||
| 082 |
_a869.57 / C129E _bC129E |
||
| 100 |
_aCaballero, David _949424 |
||
| 245 |
_aEn Busca del Amor y la Verdad : _bVerdades ocultas / |
||
| 260 |
_aIca-Perú _c2022 |
||
| 300 |
_a213 páginas. : _c21 cm. |
||
| 505 | _aEn busca del amor y la verdad | ||
| 942 |
_2ddc _cLIBROS |
||
| 945 |
_apbj _d05-03-2024 |
||